[Event "WYCC U16 Open 2019"]
[Site "Mumbai"]
[Date "2019.10.05"]
[Round "5.15"]
[White "Mis, Mieszko"]
[Black "Mcgowan, Cameron"]
[Result "1-0"]
[WhiteElo "2345"]
[BlackElo "2221"]
[Annotator "TA"]
[PlyCount "103"]
[EventDate "2019.10.02"]
[EventType "swiss"]
[EventCountry "IND"]
[SourceTitle "playchess.com"]
[Source "ChessBase"]
[SourceQuality "1"]

{[%evp 22,103,43,0,29,12,13,24,25,20,65,44,110,102,113,126,128,141,124,124,160,159,329,311,313,252,252,250,250,247,242,256,251,246,277,229,400,391,420,433,422,432,412,402,425,411,398,393,397,396,469,466,523,530,547,537,567,515,517,510,634,632,661,673,658,638,5214,2111,29975,29977,29975,29978,29980,29979,29979,29980,29980,29981,29964,5897,29980,29981,29981,29980]} 1. d4 Nf6 2. c4 g6 3. g3 Bg7 4. Bg2 O-O 5. Nc3 d6 6. Nf3 Nbd7 7. O-O e5 8. e4 exd4 9. Nxd4 Re8 10. h3 a6 11. Be3 Rb8 12. Qc2 Ne5 {E68: King's Indian: Fianchetto: 6...Nbd7 7 0-0 e5 8 e4} (12... c5 $5 {[%cal Rc5d4]} 13. Nde2 b5 $11) (12... c5 13. Nde2 b5 14. Rad1 b4 15. Nd5 Nxd5 16. Rxd5 Qe7 17. Rfd1 Rb6 18. Nf4 Bb7 19. R5d2 Nf6 20. Nd5 Bxd5 21. exd5 Qb7 22. Qb3 {½-½ (49) Henriquez Villagra,C (2474)-Bachmann,A (2614) Asuncion 2015}) 13. b3 c5 14. Nde2 b5 $1 {White has an edge.} 15. Rad1 {Black must now prevent Bxc5!} Qe7 16. Bg5 {And now Nd5 would win.} Bb7 $146 (16... Ned7 $14) ({Predecessor:} 16... Qf8 17. f4 Ned7 18. e5 dxe5 19. fxe5 Rxe5 20. Bf4 bxc4 21. bxc4 {½-½ (63) Rajdeep,S (2344)-Antic,D (2442) Palic 2017}) 17. cxb5 $16 axb5 18. Nxb5 Bxe4 19. Bxe4 Rxb5 {[#]} 20. Nc3 $1 {[%cal Rc3b5]} Ra5 21. Bg2 Ra6 $2 (21... Qc7 $16 22. Rfe1 Qc8) 22. Nd5 $18 Qd8 23. Nxf6+ Bxf6 24. Bxf6 Qxf6 {[#]} 25. Qe2 $1 {[%cal Re2a6]} Rea8 26. Bxa8 Rxa8 27. Kg2 h5 28. Rd2 Rd8 $2 (28... Nc6 29. Qf3 Qxf3+ 30. Kxf3 Ra6) 29. Qe4 Qe7 30. f4 f5 31. Qd5+ Nf7 32. Rff2 Qe4+ 33. Qxe4 fxe4 {[%mdl 4096] Endgame KRR-KRN} 34. Rd5 Kg7 35. Re2 Re8 36. g4 hxg4 37. hxg4 Re6 38. a4 Re7 39. Kg3 Rb7 40. Re3 Rb4 41. g5 Kf8 42. f5 gxf5 43. Kf4 c4 44. Rb5 Rxb5 45. axb5 {[%cal Ba4b5,Bb5b6][%mdl 32] KR-KN} d5 46. b6 Nd8 47. bxc4 d4 48. Rb3 d3 49. Ke3 Nb7 50. Rb1 (50. Rb5 $142 Ke7 51. Re5+ Kf7 52. Rxf5+ Kg7 53. Rd5 Kg6 54. Kxe4 d2 55. Rxd2 Kxg5 56. Kd5) 50... Kf7 {[#]} 51. c5 $1 f4+ (51... Nxc5 52. b7) 52. Kxf4 {Accuracy: White = 93%, Black = 23%.} 1-0

[Event "WYCC U16 Open 2019"]
[Site "Mumbai"]
[Date "2019.10.05"]
[Round "5.15"]
[White "Mis, Mieszko"]
[Black "McGowan, Cameron"]
[Result "*"]
[WhiteElo "2345"]
[BlackElo "2221"]
[Annotator "RC"]
[PlyCount "29"]
[EventDate "2019.10.02"]
[EventType "swiss"]
[EventCountry "IND"]
[SourceTitle "playchess.com"]
[Source "ChessBase"]
[SourceQuality "1"]
[TimeControl "40/5400+30:1800+30"]

1. d4 {[%emt 0:00:00]} Nf6 {[%emt 0:00:00]} 2. c4 {[%emt 0:00:00]} g6 {[%emt 0:00:00]} 3. g3 {[%emt 0:00:09]} Bg7 {[%emt 0:00:00]} 4. Bg2 {[%emt 0:00:03]} O-O {[%emt 0:00:00]} 5. Nc3 {[%emt 0:00:14]} d6 {[%emt 0:00:00]} 6. Nf3 {[%emt 0:00:45]} Nbd7 {[%emt 0:00:06]} 7. O-O {[%emt 0:00:54]} e5 {[%emt 0:00:11]} 8. e4 {[%emt 0:01:38]} exd4 {[%emt 0:00:35]} 9. Nxd4 {[%emt 0:01:26]} Re8 {[%emt 0:00:11]} 10. h3 {[%emt 0:10:37]} a6 {[%emt 0:01:39]} 11. Be3 {[%emt 0:08:31]} Rb8 {[%emt 0:05:23]} 12. Qc2 {[%emt 0:05:54]} Ne5 {[%emt 0:04:58]} 13. b3 {[%emt 0:02:34]} c5 {[%emt 0:00:19]} 14. Nde2 {[%emt 0:00:45]} b5 {[%emt 0:00:24]} 15. Rad1 {[%emt 0:03:11]} *

[Event "WYCC U16 Open 2019"]
[Site "Mumbai"]
[Date "2019.10.05"]
[Round "5.16"]
[White "Goderdzishvili, Giga"]
[Black "Harshavardhan G B"]
[Result "*"]
[WhiteElo "2038"]
[BlackElo "2362"]
[Annotator "RC"]
[PlyCount "28"]
[EventDate "2019.10.02"]
[EventType "swiss"]
[EventCountry "IND"]
[SourceTitle "playchess.com"]
[Source "ChessBase"]
[SourceQuality "1"]
[TimeControl "40/5400+30:1800+30"]

1. d4 Nf6 2. c4 e6 3. Nf3 Bb4+ 4. Bd2 a5 5. g3 d5 6. a3 Bd6 7. Nc3 c6 8. c5 Bc7 9. b4 Ne4 10. Bg2 Nxd2 11. Nxd2 e5 12. Nf3 axb4 13. axb4 Rxa1 14. Qxa1 exd4 *

[Event "WYCC U16 Open 2019"]
[Site "Mumbai"]
[Date "2019.10.05"]
[Round "5.16"]
[White "Goderdzishvili, Giga"]
[Black "Harshavardhan, G B"]
[Result "0-1"]
[WhiteElo "2038"]
[BlackElo "2362"]
[Annotator "TA"]
[PlyCount "68"]
[EventDate "2019.10.02"]
[EventType "swiss"]
[EventCountry "IND"]
[SourceTitle "playchess.com"]
[Source "ChessBase"]
[SourceQuality "1"]

{[%evp 10,118,14,4,12,20,39,20,32,-7,0,-16,-16,-17,-23,-66,-23,-16,-21,-12,-13,-21,-25,-18,16,16,7,-14,0,0,-5,-16,-13,-44,-2,-53,-51,-56,-57,-85,-59,-78,-69,-83,-83,-114,-114,-100,-75,-110,-114,-109,-124,-119,-107,-142,-94,-220,-220,-205,-189,-314,-314,-285,-266,-418,-387,-524,-528,-525,-517,-521,-500,-484,-484,-562,-551,-529,-487,-512,-512,-550,-546,-552,-525,-1302,-1292,-1291,-583,-514,0,-1287,-1291,-1292,-1295,-1251,-1266,-1208,-1089,-1170,-1168,-5081,-5069,-29974,-29976,-29975,-29975,-29966,-5937,-818,-778]} 1. d4 Nf6 2. c4 e6 3. Nf3 Bb4+ 4. Bd2 a5 5. g3 d5 6. a3 Bd6 {E11: Bogo-Indian} (6... Be7 7. Bg2 O-O 8. O-O c6 9. Qc2 b6 10. cxd5 cxd5 11. Ne5 Ba6 12. Re1 Nfd7 13. Nxd7 Nxd7 14. Nc3 {½-½ (23) Varga,Z (2437)-Baklan,V (2604) Debrecen 2019}) 7. Nc3 c6 8. c5 Bc7 {The position is equal.} 9. b4 $146 ({Predecessor:} 9. Bf4 Nbd7 10. b4 O-O 11. b5 e5 12. dxe5 Ne4 13. Nxe4 dxe4 14. bxc6 bxc6 {½-½ (26) Novakovic,S (2116)-Zlatanovic,Z (2242) Serbia 2006}) 9... Ne4 10. Bg2 Nxd2 11. Nxd2 e5 12. Nf3 axb4 13. axb4 Rxa1 14. Qxa1 exd4 15. Nxd4 Be5 16. e3 Qf6 17. Nce2 Na6 18. Qb1 O-O 19. O-O Bg4 20. f3 Bd7 21. Qb3 (21. f4 $5 {[%cal Rf4e5]} Bc7 22. e4 $11) 21... h5 22. Rc1 ({White should play} 22. f4 $11 Bc7 23. Nf3) 22... Qe7 $15 23. Kf2 Re8 24. Rc3 Nc7 25. f4 Bf6 26. Rc2 Na6 27. Rc3 Bg4 {[#] ...Bxe2 is the strong threat.} 28. Rd3 Nc7 29. Bf3 Bxf3 30. Nxf3 Nb5 31. Ned4 Nxd4 32. Nxd4 Qe4 33. Qd1 (33. Nf3 $17) 33... Bxd4 $19 34. exd4 {[%mdl 4096] Endgame [#] KQR-KQR} Ra8 {Played: h5-h4} 0-1

[Event "WYCC U16 Open 2019"]
[Site "Mumbai"]
[Date "2019.10.06"]
[Round "6.1"]
[White "Makarian, Rudik"]
[Black "Daghli, Arash"]
[Result "1-0"]
[WhiteElo "2386"]
[BlackElo "2387"]
[Annotator "ChessBase"]
[PlyCount "67"]
[EventDate "2019.10.02"]
[EventType "swiss"]
[EventCountry "IND"]
[SourceTitle "playchess.com"]
[Source "ChessBase"]
[SourceQuality "1"]
[TimeControl "40/5400+30:1800+30"]

1. d4 {[%emt 0:00:00]} Nf6 {[%emt 0:00:00]} 2. c4 {[%emt 0:00:00]} g6 {[%emt 0:00:00]} 3. Nc3 {[%emt 0:00:00]} Bg7 {[%emt 0:00:09]} 4. e4 {[%emt 0:00:00]} d6 {[%emt 0:00:15]} 5. Be2 {[%emt 0:00:00]} O-O {[%emt 0:00:05]} 6. Be3 {[%emt 0:00:05]} Na6 {[%emt 0:01:37]} 7. Nf3 {[%emt 0:00:06]} Ng4 {[%emt 0:00:59]} 8. Bg5 {[%emt 0:00:11]} f6 {[%emt 0:01:17]} 9. Bc1 {[%emt 0:08:28]} e5 {[%emt 0:00:52]} 10. O-O {[%emt 0:01:22]} f5 {[%emt 0:05:41]} 11. Bg5 {[%emt 0:21:37]} Qe8 {[%emt 0:04:04]} 12. h3 {[%emt 0:03:24]} fxe4 {[%emt 0:05:22]} 13. hxg4 {[%emt 0:00:41]} exf3 {[%emt 0:00:14]} 14. Bxf3 {[%emt 0:00:02]} Kh8 {[%emt 0:30:53]} 15. Re1 {[%emt 0:06:20]} Qf7 {[%emt 0:00:16]} 16. dxe5 {[%emt 0:01:41]} Bxe5 {[%emt 0:01:19]} 17. Ne4 {[%emt 0:07:01]} Bg7 {[%emt 0:06:53]} 18. Qd2 {[%emt 0:12:54]} Qxc4 {[%emt 0:18:39]} 19. Bh6 {[%emt 0:04:56]} Qf7 {[%emt 0:00:20]} 20. Rac1 {[%emt 0:07:10]} Rb8 {[%emt 0:13:48]} 21. Rc3 {[%emt 0:15:00]} Bd7 {[%emt 0:02:46]} 22. Ng5 {[%emt 0:00:48]} Qf6 {[%emt 0:00:12]} 23. Bxg7+ {[%emt 0:00:47]} Qxg7 {[%emt 0:01:25]} 24. Nxh7 {[%emt 0:00:31]} Qxh7 {[%emt 0:01:13]} 25. Bd5 {[%emt 0:00:12]} Bxg4 {[%emt 0:01:44]} 26. Qd4+ {[%emt 0:00:09]} Qg7 {[%emt 0:00:37]} 27. Qxg4 {[%emt 0:00:05]} Rf5 {[%emt 0:00:40]} 28. Rh3+ {[%emt 0:02:50]} Rh5 {[%emt 0:00:01]} 29. Rxh5+ {[%emt 0:02:20]} gxh5 {[%emt 0:00:03]} 30. Qxh5+ {[%emt 0:00:01]} Qh7 {[%emt 0:00:12]} 31. Qg5 {[%emt 0:01:01]} Qg7 {[%emt 0:00:33]} 32. Qh4+ {[%emt 0:00:43]} Qh7 {[%emt 0:00:01]} 33. Qf4 {[%emt 0:00:44]} Nc5 {[%emt 0:01:54]} 34. Re3 {[%emt 0:00:13]} 1-0

[Event "WYCC U16 Open 2019"]
[Site "Mumbai"]
[Date "2019.10.06"]
[Round "6.2"]
[White "Pogosyan, Stefan"]
[Black "Aronyak Ghosh"]
[Result "1/2-1/2"]
[WhiteElo "2364"]
[BlackElo "2380"]
[Annotator "ChessBase"]
[PlyCount "97"]
[EventDate "2019.10.02"]
[EventType "swiss"]
[EventCountry "IND"]
[SourceTitle "playchess.com"]
[Source "ChessBase"]
[SourceQuality "1"]
[TimeControl "40/5400+30:1800+30"]

1. d4 b6 2. c4 Bb7 3. Nc3 e6 4. a3 Nf6 5. d5 Bd6 6. Nf3 O-O 7. g3 exd5 8. cxd5 Na6 9. Bg2 c6 10. O-O cxd5 11. b4 Nc7 12. Bb2 Re8 13. Qb3 Ba6 14. b5 Bb7 15. Rfd1 a6 16. a4 Ne6 17. Nh4 Nc5 18. Qc2 Be5 19. Nxd5 Nxd5 20. Bxd5 Bxd5 21. Rxd5 Bxb2 22. Qxb2 axb5 23. Qxb5 Ra5 24. Qc4 Qf6 25. Ra2 Ne4 26. Nf5 Qe6 27. Ne3 Nxf2 28. Kxf2 Qxe3+ 29. Kg2 Qe6 30. Kf2 Qe3+ 31. Kg2 Qe6 32. Rad2 Rxd5 33. Qxd5 Qxd5+ 34. Rxd5 Rxe2+ 35. Kg1 f6 36. Rxd7 Rb2 37. Rb7 Rb4 38. Kg2 h5 39. h4 Kh7 40. Ra7 Kg6 41. a5 bxa5 42. Rxa5 Rb7 43. Kf3 Kh6 44. Rc5 g6 45. Ra5 Kg7 46. Ra6 Kf7 47. Rc6 Ke7 48. Ra6 Rd7 49. Ke4 1/2-1/2

[Event "WYCC U16 Open 2019"]
[Site "Mumbai"]
[Date "2019.10.06"]
[Round "6.3"]
[White "Turgut, Aydin"]
[Black "Niemann, Hans Moke"]
[Result "0-1"]
[WhiteElo "2281"]
[BlackElo "2439"]
[Annotator "ChessBase"]
[PlyCount "48"]
[EventDate "2019.10.02"]
[EventType "swiss"]
[EventCountry "IND"]
[SourceTitle "playchess.com"]
[Source "ChessBase"]
[SourceQuality "1"]
[TimeControl "40/5400+30:1800+30"]

1. e4 {[%emt 0:00:00]} c5 {[%emt 0:00:42]} 2. Nf3 {[%emt 0:00:00]} d6 {[%emt 0:00:08]} 3. d4 {[%emt 0:00:01]} cxd4 {[%emt 0:00:06]} 4. Nxd4 {[%emt 0:00:06]} Nf6 {[%emt 0:00:03]} 5. Nc3 {[%emt 0:00:20]} Nc6 {[%emt 0:01:07]} 6. Bg5 {[%emt 0:01:19]} e6 {[%emt 0:00:14]} 7. Be2 {[%emt 0:06:09]} Qa5 {[%emt 0:01:56]} 8. Bxf6 {[%emt 0:12:44]} gxf6 {[%emt 0:00:07]} 9. Qd2 {[%emt 0:06:24]} a6 {[%emt 0:03:15]} 10. f4 {[%emt 0:09:04]} Bd7 {[%emt 0:00:47]} 11. O-O-O {[%emt 0:03:25]} b5 {[%emt 0:00:50]} 12. Nb3 {[%emt 0:18:12]} Qc7 {[%emt 0:00:06]} 13. Bh5 {[%emt 0:09:11]} b4 {[%emt 0:02:57]} 14. Ne2 {[%emt 0:00:45]} Rg8 {[%emt 0:01:49]} 15. Ned4 {[%emt 0:05:32]} Rc8 {[%emt 0:04:34]} 16. Kb1 {[%emt 0:02:37]} Nd8 {[%emt 0:01:46]} 17. Rhe1 {[%emt 0:08:26]} a5 {[%emt 0:01:35]} 18. e5 {[%emt 0:06:20]} fxe5 {[%emt 0:00:17]} 19. fxe5 {[%emt 0:00:10]} d5 {[%emt 0:00:27]} 20. Nf3 {[%emt 0:03:19]} a4 {[%emt 0:00:13]} 21. Nbd4 {[%emt 0:00:02]} a3 {[%emt 0:00:11]} 22. Re2 {[%emt 0:06:06]} axb2 {[%emt 0:00:09]} 23. Ng5 {[%emt 0:00:30]} b3 {[%emt 0:12:33]} 24. cxb3 {[%emt 0:00:15]} Qc1+ {[%emt 0:00:09]} 0-1

[Event "WYCC U16 Open 2019"]
[Site "Mumbai"]
[Date "2019.10.06"]
[Round "6.4"]
[White "Kacharava, Nikolozi"]
[Black "Bilych, Olexiy"]
[Result "1/2-1/2"]
[WhiteElo "2428"]
[BlackElo "2281"]
[Annotator "ChessBase"]
[PlyCount "132"]
[EventDate "2019.10.02"]
[EventType "swiss"]
[EventCountry "IND"]
[SourceTitle "playchess.com"]
[Source "ChessBase"]
[SourceQuality "1"]
[TimeControl "40/5400+30:1800+30"]

1. e4 e5 2. Nf3 Nc6 3. Bb5 g6 4. c3 a6 5. Ba4 Bg7 6. d4 exd4 7. cxd4 b5 8. Bc2 d5 9. O-O Bg4 10. exd5 Bxf3 11. Qxf3 Nxd4 12. Qe4+ Ne7 13. Bg5 h6 14. Bxe7 Qxe7 15. Nd2 Qxe4 16. Bxe4 f5 17. Bd3 O-O-O 18. a4 Rxd5 19. Ra3 Rhd8 20. Nb1 Nf3+ 21. gxf3 Rxd3 22. axb5 axb5 23. Nc3 b4 24. Ra8+ Kb7 25. Rxd8 Rxd8 26. Na4 Bd4 27. Rc1 Rd5 28. b3 Re5 29. Kf1 f4 30. Rc2 c5 31. Rd2 Kc6 32. Rc2 Kb5 33. Rc4 Re8 34. Rc1 Ra8 35. Ke2 Re8+ 36. Kf1 g5 37. h3 h5 38. Rd1 Re6 39. Rd2 g4 40. hxg4 hxg4 41. fxg4 f3 42. Rd3 Rf6 43. g5 Rf4 44. g6 c4 45. g7 Bxg7 46. Rd5+ Kc6 47. Rc5+ Kd6 48. bxc4 Rd4 49. Ke1 Rd3 50. Rc8 Bd4 51. Rb8 b3 52. c5+ Kc7 53. Rb5 b2 54. Rb6 Be5 55. Rb5 Bd4 56. Rb6 Bf6 57. Rb5 Be5 58. Rb6 Bd4 59. Rb5 Kc6 60. Rb6+ Kd5 61. Rb8 Be5 62. Rb7 Bg7 63. Rb8 Bf6 64. Rb5 Bd4 65. Rb8 Bf6 66. Rb5 Bd4 1/2-1/2

[Event "WYCC U16 Open 2019"]
[Site "Mumbai"]
[Date "2019.10.06"]
[Round "6.5"]
[White "Stork, Oliver"]
[Black "Avila Pavas, Santiago"]
[Result "1-0"]
[WhiteElo "2314"]
[BlackElo "2406"]
[Annotator "RC"]
[PlyCount "95"]
[EventDate "2019.10.02"]
[EventType "swiss"]
[EventCountry "IND"]
[SourceTitle "playchess.com"]
[Source "ChessBase"]
[SourceQuality "1"]
[TimeControl "40/5400+30:1800+30"]

1. c4 c5 2. Nf3 g6 3. e4 Bg7 4. d4 cxd4 5. Nxd4 Nc6 6. Be3 Nf6 7. Nc3 Ng4 8. Qxg4 Nxd4 9. Qd1 e5 10. Bd3 O-O 11. O-O d6 12. Qd2 Be6 13. Rac1 Qd7 14. Rfd1 Rfc8 15. b3 Bg4 16. Be2 Nxe2+ 17. Nxe2 Rd8 18. f3 Be6 19. Nc3 f6 20. Nb5 a6 21. Nxd6 Bf8 22. c5 Qc6 23. Qb4 a5 24. Qa3 Qa6 25. Rd2 Rd7 26. Rcd1 Rad8 27. Kf2 Be7 28. Qa4 h5 29. Nc4 Rxd2+ 30. Rxd2 Rxd2+ 31. Nxd2 Kf7 32. Nc4 Bxc4 33. bxc4 Qe6 34. Qb5 h4 35. Qxb7 Qxc4 36. Qd5+ Qxd5 37. exd5 Bf8 38. a4 f5 39. Ke2 e4 40. fxe4 fxe4 41. Bd4 Bh6 42. Be5 Ke7 43. Bd4 Kf7 44. Be5 Ke7 45. c6 Bg5 46. d6+ Ke6 47. d7 Bd8 48. c7 1-0

[Event "WYCC U16 Open 2019"]
[Site "Mumbai"]
[Date "2019.10.06"]
[Round "6.6"]
[White "Soto, Miguel Angel"]
[Black "Nogerbek, Kazybek"]
[Result "1-0"]
[WhiteElo "2283"]
[BlackElo "2387"]
[Annotator "ChessBase"]
[PlyCount "95"]
[EventDate "2019.10.02"]
[EventType "swiss"]
[EventCountry "IND"]
[SourceTitle "playchess.com"]
[Source "ChessBase"]
[SourceQuality "1"]
[TimeControl "40/5400+30:1800+30"]

1. e4 c5 2. Nf3 Nc6 3. d4 cxd4 4. Nxd4 Nf6 5. Nc3 e5 6. Ndb5 d6 7. Bg5 a6 8. Na3 b5 9. Nd5 Be7 10. Bxf6 Bxf6 11. c3 Rb8 12. Nc2 Bg5 13. Be2 O-O 14. Bg4 Be6 15. Ncb4 Nxb4 16. Nxb4 Qb6 17. O-O a5 18. Bxe6 fxe6 19. Nd3 Bh6 20. a4 Qc6 21. axb5 Qxe4 22. Rxa5 Qc4 23. Nb4 e4 24. Re1 d5 25. Qe2 Qc7 26. Nc6 Rbe8 27. Ra7 Qd6 28. Ra6 Rf6 29. Nd4 Qd7 30. Rea1 Qc8 31. b6 Bf4 32. Qb5 Ref8 33. b7 Bxh2+ 34. Kxh2 Qd8 35. b8=Q Qxb8+ 36. Qxb8 Rxb8 37. Ra8 Rff8 38. Rxb8 Rxb8 39. Rb1 Kf7 40. b4 Rb6 41. Kg1 e5 42. Nc2 Ke6 43. Kf1 Rc6 44. b5 Rb6 45. Ne3 h5 46. c4 d4 47. c5 Rb8 48. Nc4 1-0

[Event "WYCC U16 Open 2019"]
[Site "Mumbai"]
[Date "2019.10.06"]
[Round "6.7"]
[White "Hilwerda, Jonas"]
[Black "Talukdar, Rohan"]
[Result "1-0"]
[WhiteElo "2229"]
[BlackElo "2369"]
[Annotator "ChessBase"]
[PlyCount "83"]
[EventDate "2019.10.02"]
[EventType "swiss"]
[EventCountry "IND"]
[SourceTitle "playchess.com"]
[Source "ChessBase"]
[SourceQuality "1"]
[TimeControl "40/5400+30:1800+30"]

1. e4 c5 2. Nf3 d6 3. d4 cxd4 4. Nxd4 Nf6 5. Nc3 a6 6. h3 e5 7. Nb3 Be6 8. f4 Nbd7 9. g4 Rc8 10. Bg2 h6 11. f5 Bc4 12. Be3 d5 13. exd5 Bb4 14. Qd2 O-O 15. g5 hxg5 16. Bxg5 a5 17. a3 Bxc3 18. bxc3 a4 19. Nc1 Qa5 20. Nd3 Bxd5 21. Nb4 e4 22. O-O-O e3 23. Bxe3 Bxg2 24. Qxg2 Qxf5 25. Bd4 b5 26. h4 Nh5 27. Rhg1 Qh7 28. Qg5 Rfe8 29. Rdf1 Re6 30. Rd1 Ree8 31. Rdf1 Re6 32. Rf5 Qh6 33. Nd5 Rce8 34. Kb2 Rg6 35. Qxh5 Qxh5 36. Rxh5 Rxg1 37. Bxg1 Ne5 38. Nb6 Nf3 39. Bd4 Re1 40. Rxb5 Nxh4 41. Bf2 Re4 42. Rb4 1-0

[Event "WYCC U16 Open 2019"]
[Site "Mumbai"]
[Date "2019.10.06"]
[Round "6.8"]
[White "Tarlabasi, Emirhan"]
[Black "Kushagra Mohan"]
[Result "0-1"]
[WhiteElo "2365"]
[BlackElo "2309"]
[Annotator "ChessBase"]
[PlyCount "96"]
[EventDate "2019.10.02"]
[EventType "swiss"]
[EventCountry "IND"]
[SourceTitle "playchess.com"]
[Source "ChessBase"]
[SourceQuality "1"]
[TimeControl "40/5400+30:1800+30"]

1. d4 Nf6 2. c4 g6 3. Nc3 Bg7 4. Nf3 O-O 5. e3 d6 6. Be2 Nbd7 7. O-O e5 8. b4 e4 9. Nd2 Re8 10. Qc2 Qe7 11. Bb2 h5 12. a4 Nf8 13. Rfc1 c6 14. b5 Bf5 15. a5 Ne6 16. Nb3 Ng5 17. a6 Nf3+ 18. Bxf3 exf3 19. Qd1 cxb5 20. axb7 Qxb7 21. Na5 Qb6 22. Qxf3 b4 23. Nd5 Nxd5 24. Qxd5 Be4 25. Qg5 b3 26. Rc3 Bc2 27. h3 Rab8 28. Qf4 Rec8 29. Qf3 Qc7 30. Qd5 Qe7 31. Qf3 Rb6 32. Ra3 Rcb8 33. c5 dxc5 34. Rxc5 Be4 35. Qe2 Ba8 36. f3 Bxd4 37. Bxd4 b2 38. Rac3 b1=Q+ 39. Kh2 Rd6 40. Be5 Rb2 41. Nc4 Rxe2 42. Nxd6 Rxg2+ 43. Kxg2 Qg5+ 44. Bg3 Bxf3+ 45. Kxf3 Qf1+ 46. Ke4 Qxg3 47. Nc4 Qgf3+ 48. Kd4 Q1d1+ 0-1

[Event "WYCC U16 Open 2019"]
[Site "Mumbai"]
[Date "2019.10.06"]
[Round "6.9"]
[White "Moksh Amit Doshi"]
[Black "Lumachi, Gabriele"]
[Result "1-0"]
[WhiteElo "2328"]
[BlackElo "2207"]
[Annotator "ChessBase"]
[PlyCount "87"]
[EventDate "2019.10.02"]
[EventType "swiss"]
[EventCountry "IND"]
[SourceTitle "playchess.com"]
[Source "ChessBase"]
[SourceQuality "1"]
[TimeControl "40/5400+30:1800+30"]

1. d4 d5 2. c4 e6 3. Nc3 Nf6 4. Nf3 a6 5. cxd5 exd5 6. Qb3 c6 7. e4 Nxe4 8. Nxe4 dxe4 9. Ng5 Qe7 10. Bc4 Qb4+ 11. Bd2 Qxb3 12. Bxb3 Be6 13. Bxe6 fxe6 14. Nxe6 Kd7 15. Ng5 Bd6 16. Nxe4 Re8 17. f3 Kc7 18. Kf2 Nd7 19. Rhe1 Rad8 20. Ng5 Nf8 21. Nf7 Ra8 22. Nxd6 Kxd6 23. Bb4+ Kd7 24. Rxe8 Rxe8 25. Bxf8 Rxf8 26. Re1 Kd6 27. Re5 b6 28. Ke3 c5 29. Rg5 g6 30. dxc5+ bxc5 31. Rg4 Kc6 32. Ra4 Kb5 33. Re4 Rf7 34. f4 Rd7 35. g4 c4 36. f5 Rd3+ 37. Ke2 gxf5 38. gxf5 Rd5 39. Rf4 Rd7 40. f6 Rf7 41. Ke3 Kc5 42. Ke4 Kd6 43. Kf5 Kd5 44. Rf2 1-0

[Event "WYCC U16 Open 2019"]
[Site "Mumbai"]
[Date "2019.10.06"]
[Round "6.10"]
[White "Gharibyan, Mamikon"]
[Black "Ajay Karthikeyan"]
[Result "1-0"]
[WhiteElo "2388"]
[BlackElo "2214"]
[Annotator "ChessBase"]
[PlyCount "123"]
[EventDate "2019.10.02"]
[EventType "swiss"]
[EventCountry "IND"]
[SourceTitle "playchess.com"]
[Source "ChessBase"]
[SourceQuality "1"]
[TimeControl "40/5400+30:1800+30"]

1. d4 {[%emt 0:00:00]} Nf6 {[%emt 0:00:00]} 2. c4 {[%emt 0:00:00]} b6 {[%emt 0:00:00]} 3. Nc3 {[%emt 0:00:39]} Bb7 {[%emt 0:00:02]} 4. Qc2 {[%emt 0:03:03]} g6 {[%emt 0:01:26]} 5. e4 {[%emt 0:02:38]} d6 {[%emt 0:00:33]} 6. Nf3 {[%emt 0:03:19]} Nbd7 {[%emt 0:04:56]} 7. Be2 {[%emt 0:01:54]} e5 {[%emt 0:04:27]} 8. d5 {[%emt 0:02:01]} Bg7 {[%emt 0:05:26]} 9. O-O {[%emt 0:00:37]} O-O {[%emt 0:00:07]} 10. Rb1 {[%emt 0:00:53]} a5 {[%emt 0:01:13]} 11. a3 {[%emt 0:01:17]} a4 {[%emt 0:04:25]} 12. Nxa4 {[%emt 0:15:31]} Nxe4 {[%emt 0:00:29]} 13. Nxb6 {[%emt 0:00:24]} Nxb6 {[%emt 0:04:03]} 14. Qxe4 {[%emt 0:00:06]} f5 {[%emt 0:00:05]} 15. Qc2 {[%emt 0:01:59]} h6 {[%emt 0:05:27]} 16. Rd1 {[%emt 0:02:27]} g5 {[%emt 0:09:27]} 17. b4 {[%emt 0:03:28]} g4 {[%emt 0:02:31]} 18. Ne1 {[%emt 0:00:27]} Nc8 {[%emt 0:09:42]} 19. g3 {[%emt 0:09:22]} Ne7 {[%emt 0:02:04]} 20. Ng2 {[%emt 0:00:05]} Bc8 {[%emt 0:06:32]} 21. f4 {[%emt 0:10:32]} gxf3 {[%emt 0:01:33]} 22. Bxf3 {[%emt 0:00:08]} Bd7 {[%emt 0:02:05]} 23. Rf1 {[%emt 0:02:34]} Kh8 {[%emt 0:02:51]} 24. Bb2 {[%emt 0:07:13]} Bf6 {[%emt 0:04:56]} 25. Rbe1 {[%emt 0:00:50]} Be8 {[%emt 0:01:42]} 26. Qd2 {[%emt 0:11:35]} Kh7 {[%emt 0:01:33]} 27. Bd1 {[%emt 0:00:20]} Bg6 {[%emt 0:00:49]} 28. a4 {[%emt 0:01:25]} Bg5 {[%emt 0:02:26]} 29. Qe2 {[%emt 0:01:36]} h5 {[%emt 0:01:59]} 30. Kh1 {[%emt 0:05:16]} Ng8 {[%emt 0:00:30]} 31. Bc2 {[%emt 0:01:13]} Nh6 {[%emt 0:00:40]} 32. Bc1 {[%emt 0:02:04]} Bxc1 {[%emt 0:06:47]} 33. Rxc1 {[%emt 0:00:11]} Qg5 {[%emt 0:00:06]} 34. Nh4 {[%emt 0:01:57]} Ng4 {[%emt 0:02:19]} 35. Rce1 {[%emt 0:00:32]} Kg7 {[%emt 0:01:04]} 36. Nf3 {[%emt 0:01:26]} Qf6 {[%emt 0:01:34]} 37. h3 {[%emt 0:01:17]} Nh6 {[%emt 0:00:04]} 38. Qd2 {[%emt 0:00:29]} Nf7 {[%emt 0:01:49]} 39. b5 {[%emt 0:00:45]} Bh7 {[%emt 0:01:38]} 40. a5 {[%emt 0:03:52]} Kh8 {[%emt 0:00:12]} 41. Nh4 {[%emt 0:06:08]} Nh6 {[%emt 0:03:33]} 42. Rf3 {[%emt 0:01:12]} Rg8 {[%emt 0:05:58]} 43. Qc3 {[%emt 0:04:49]} Raf8 {[%emt 0:02:20]} 44. Ng2 {[%emt 0:07:14]} h4 {[%emt 0:01:57]} 45. Nxh4 {[%emt 0:02:00]} f4 {[%emt 0:01:53]} 46. Bxh7 {[%emt 0:00:51]} Kxh7 {[%emt 0:00:24]} 47. Qc2+ {[%emt 0:02:34]} Kh8 {[%emt 0:00:10]} 48. Ref1 {[%emt 0:02:11]} Rxg3 {[%emt 0:08:40]} 49. Rxg3 {[%emt 0:00:32]} Qxh4 {[%emt 0:00:04]} 50. Qg2 {[%emt 0:04:31]} Nf5 {[%emt 0:03:27]} 51. Rg4 {[%emt 0:00:04]} Qh7 {[%emt 0:04:40]} 52. Rg1 {[%emt 0:00:16]} Ne3 {[%emt 0:01:51]} 53. Rh4 {[%emt 0:00:28]} Nxg2 {[%emt 0:00:20]} 54. Rxh7+ {[%emt 0:00:04]} Kxh7 {[%emt 0:00:01]} 55. Kxg2 {[%emt 0:00:11]} Kg6 {[%emt 0:00:45]} 56. a6 {[%emt 0:00:54]} Kf5 {[%emt 0:00:09]} 57. c5 {[%emt 0:02:05]} Ke4 {[%emt 0:03:33]} 58. b6 {[%emt 0:01:20]} Kd3 {[%emt 0:03:31]} 59. b7 {[%emt 0:02:01]} Ke2 {[%emt 0:00:08]} 60. a7 {[%emt 0:00:32]} Rg8+ {[%emt 0:01:22]} 61. Kh2 {[%emt 0:00:13]} Rxg1 {[%emt 0:00:03]} 62. b8=Q 1-0